01343nam a2200337Ia 4500001001200000003000800012006001900020007001500039008004100054010001700095020001800112020002600130020001500156040002100171035002100192050002600213100002100239245012900260260005500389300002700444500002700471500002000498504003200518533015200550650006400702650005000766655002900816710001700845856012600862999001700988ebr10227138CaPaEBRm u cr cn|||||||||880624s1985 waua sb s001 0 eng d z 85013350  z9780774802192 z9780774857123 (ebook) z0295962976 aCaPaEBRcCaPaEBR a(OCoLC)64674394314aHD1773.A9bG53 1985eb1 aGibson, James R.10aFarming the frontierh[electronic resource] :bthe agricultural opening of the Oregon country, 1786-1846 /cJames R. Gibson. aSeattle :bUniversity of Washington Press,cc1985. a[xiii], 265 p. :bill. aMaps on lining papers. aIncludes index. aBibliography: p. [215]-226. aElectronic reproduction.bPalo Alto, Calif. :cebrary,d2008.nAvailable via World Wide Web.nAccess may be limited to ebrary affiliated libraries. 0aAgriculturexEconomic aspectszNorthwest, PacificxHistory. 0aLand use, RuralzNorthwest, PacificxHistory. 7aElectronic books.2local2 aebrary, Inc.40uhttp://site.ebrary.com/lib/rucke/Doc?id=10227138zAn electronic book accessible through the World Wide Web; click to view c27729d27729